Nai Adabi Rujhanat (Record no. 2885)

MARC details
000 -LEADER
fixed length control field 00552nam a2200241 a 4500
020 ## - INTERNATIONAL STANDARD BOOK NUMBER
ISBN
082 00 - DEWEY DECIMAL CLASSIFICATION NUMBER
Classification number 891.4394
Author Cutter HUS
100 ## - MAIN ENTRY--AUTHOR NAME
Author name Husain, Ejaz
245 ## - TITLE STATEMENT
Title Nai Adabi Rujhanat
260 ## - PUBLICATION, DISTRIBUTION, ETC. (IMPRINT)
Place of publication Allahabad
Name of publisher Kitabistan
Year of publication 1957
300 ## - PHYSICAL DESCRIPTION
Number of Pages 352p
500 ## - GENERAL NOTE
General note includes index and biblioraphy
505 2# - FORMATTED CONTENTS NOTE
Formatted contents note index
650 ## - SUBJECT ADDED ENTRY--TOPICAL TERM
Topical Term Urdu-Prose
942 ## - ADDED ENTRY ELEMENTS (KOHA)
Koha item type Books
700 1# -
-- Husain, Ejaz
Holdings
Collection code Home library Current library Date acquired Cost, normal purchase price Full call number Accession Number Koha item type
  Henry Martyn Institute Library Henry Martyn Institute Library 07/31/2007 3.75 891.4394 HUS 03706 Books
                   Copyright © 2026 | Henry Martyn Institute | Hyderabad | TS-500052 | INDIA | Implemented by hmi.edu.in
Hit-Count:

Powered by Koha